01083cam a22002411 4500001001300000003000400013005001700017008004100034010001700075035002000092040005200112042001200164050002300176100002000199245014300219260009200362300006500454490010400519500008700623650002900710810008500739999001700824gs 31000147 DLC20260227111335.0911113s1930 ag aef 000 0 spa c ags 31000147  a(OCoLC)24771580 aLibrary, U. S. Geological SurveycTxUdTxUdDLC apremarc10aQE231b.A35 no. 911 aTapia, Augusto.10aCondiciones hidrogeológicas de los campos de la "S. A. Estancias y colonias Trenel" territorio nacional de la Pampa,cpor Augusto Tapia. aBuenos Aires,bTalleres gráficos del Ministerio de agricultura de la nación,c1930. a27 p. incl. tables.bIV fold. pl. (3 plans, profile)c27 cm.1 a[Argentine republic] Dirección general de minas, geología e hidrología. Publicaciónvno. 91 aAt head of title: República argentina. Ministerio de agricultura de la nación. 0aWater-supplyzArgentina.1 aArgentina.bDirección General de Minas y Geología.tPublicación ;vno. 91. c26878d26878